Contemporary orthodontics / (Record no. 23889)
[ view plain ]
| 000 -LEADER | |
|---|---|
| fixed length control field | 02438 am a22002655a 4500 |
| 001 - CONTROL NUMBER | |
| control field | ocn778040081 |
| 003 - CONTROL NUMBER IDENTIFIER | |
| control field | OSt |
| 005 - DATE AND TIME OF LATEST TRANSACTION | |
| control field | 20170111141136.0 |
| 008 - FIXED-LENGTH DATA ELEMENTS--GENERAL INFORMATION | |
| fixed length control field | 120216t2013 moua frb 001 0 eng d |
| 020 ## - INTERNATIONAL STANDARD BOOK NUMBER | |
| International Standard Book Number | 9780323083171 |
| 020 ## - INTERNATIONAL STANDARD BOOK NUMBER | |
| International Standard Book Number | 032308317X |
| 040 ## - CATALOGING SOURCE | |
| Original cataloging agency | DNLM/DLC |
| Language of cataloging | eng |
| Transcribing agency | DLC |
| Modifying agency | YDX |
| -- | NLM |
| -- | YDXCP |
| -- | CDX |
| -- | OCLCO |
| -- | IUD |
| -- | EG-SCBUE |
| 082 04 - DEWEY DECIMAL CLASSIFICATION NUMBER | |
| Edition number | 22 |
| Classification number | 617.643 |
| Item number | CON |
| 245 10 - TITLE STATEMENT | |
| Title | Contemporary orthodontics / |
| Statement of responsibility, etc | William R. Proffit ... [et al.] |
| 250 ## - EDITION STATEMENT | |
| Edition statement | 5th ed. |
| 260 ## - PUBLICATION, DISTRIBUTION, ETC. (IMPRINT) | |
| Place of publication, distribution, etc | St. Louis : |
| Name of publisher, distributor, etc | Elsevier / Mosby, |
| Date of publication, distribution, etc | c.2013. |
| 300 ## - PHYSICAL DESCRIPTION | |
| Extent | xiii, 754 p. : |
| Other physical details | ill. (some col.) ; |
| Dimensions | 29 cm. |
| 504 ## - BIBLIOGRAPHY, ETC. NOTE | |
| Bibliography, etc | Includes bibliographical references and index. |
| 505 0# - FORMATTED CONTENTS NOTE | |
| Formatted contents note | Malocclusion and dentofacial deformity in contemporary society / William R. Proffit -- Concepts of growth and development / William R. Proffit -- Early stages of development / William R. Proffit -- Later stages of development / William R. Proffit -- The etiology of orthodontic problems / William R. Proffit -- Orthodontic diagnosis : the problem-oriented approach / William R. Proffit, David M. Sarver, James L. Ackerman -- Orthodontic treatment planning : from problem list to specific plan / William R. Proffit, Henry W. Fields Jr., David M. Sarver -- The biologic basis of orthodontic therapy / William R. Proffit -- Mechanical principles in orthodontic force control / William R. Proffit -- Contemporary orthodontic appliances / William R. Proffit -- Moderate nonskeletal problems in preadolescent children : preventive and interceptive treatment in family practice / Henry W. Fields Jr., William R. Proffit -- Complex nonskeletal problems in preadolescent children : preventive and interceptive treatment / Henry W. Fields Jr. -- Treatment of skeletal problems in children and preadolescents / Henry W. Fields Jr., William R. Proffit -- The first stage of comprehensive treatment : alignment and leveling / William R. Proffit -- The second stage of comprehensive treatment : correction of molar relationship and space closure / William R. Proffit -- The third stage of comprehensive treatment finishing / William R. Proffit -- Retention / William R. Proffit -- Special considerations in treatment for adults / William R. Proffit, David M. Sarver -- Combined surgical and orthodontic treatment / William R. Proffit, David M. Sarver. |
| 650 #7 - SUBJECT ADDED ENTRY--TOPICAL TERM | |
| Topical term or geographic name as entry element | Orthodontics. |
| Source of heading or term | BUEsh |
| 9 (RLIN) | 41372 |
| 651 ## - SUBJECT ADDED ENTRY--GEOGRAPHIC NAME | |
| Source of heading or term | BUEsh |
| 653 ## - INDEX TERM--UNCONTROLLED | |
| Resource For college | |
| Arrived date list | January2017 |
| 700 1# - ADDED ENTRY--PERSONAL NAME | |
| Personal name | Proffit, William R. |
| 942 ## - ADDED ENTRY ELEMENTS (KOHA) | |
| Source of classification or shelving scheme | Dewey Decimal Classification |
| Withdrawn status | Item status | Source of classification or shelving scheme | Damaged status | Not for loan | Vendor | Home library | Current library | Shelving location | Date acquired | Source of acquisition | Cost, normal purchase price | Serial Enumeration / chronology | Total Checkouts | Total Renewals | Full call number | Barcode | Checked out | Date last seen | Date last borrowed | Cost, replacement price | Koha item type |
|---|---|---|---|---|---|---|---|---|---|---|---|---|---|---|---|---|---|---|---|---|---|
| Dewey Decimal Classification | Central Library | Central Library | First floor | 11/01/2017 | Purchase | 1450.00 | 0000479 | 7 | 57 | 617.643 CON | 000040859 | 15/02/2022 | 12/11/2020 | 12/11/2020 | 1812.50 | Book - Borrowing |